Quizzes
Events
Quiz Creation
Community
Videos
Private Events
Remove Ads
Sign In
Join for FREE
Feedback
Dark Mode
Quiz Categories
Sports
Geography
Music
Movies
Television
Just For Fun
Miscellaneous
History
Literature
Language
Science
Gaming
Entertainment
Religion
Holiday
For Kids
Quiz Lab
Recent
Popular Today
Quiz Kudos Today
Editor Picks
Curator Picks
Quizzes by...
Day
Popularity
Type
Ratings
Length
Year
Community
Subscriptions
Recent Discussions
Orange Saloon
Badges
Playlists
Quests
Create
Leaderboards
Showdown
Live 5
Trivia Bingo
Activity
Puzzle Library
Sporcle Events
Private Events
Virtual Trivia
Globe League
Become a Host
Pub Owners
SporcleCon
Opinionation
Our Games
Videos
Blog
Mobile Apps
Partnerships
Remove Ads and Go Orange
Feedback
Literature
Harry Potter
A Song of Ice and Fire
The Hunger Games
Literary Character
Shakespeare
Book
Author
Novel
Poem
Young Adult
Children's Books
Play
Lord of the Rings
Literature
Harry Potter
A Song of Ice and Fire
The Hunger Games
Literary Character
Shakespeare
Book
Author
Novel
Poem
Young Adult
Children's Books
Play
Lord of the Rings
Random Quiz
Search Sporcle
×
Quiz Lab
Quiz Lab
Literature
Quote
Type in answers that appear in a list
Type in answers that appear in a list
Classic
Best Score? Go Orange.
Order of the Phoenix Quotes Stats
Can you name the characters who said the following 'Harry Potter and the Order of the Phoenix' quotes?
By
HistoryNerd08
5m
19 Questions
835 Plays
835 Plays
835 Plays
Comments
Comments
Give Quiz Kudos
Give Quiz Kudos
-
- Ratings
hide this ad
More Info
Forced Order
Answers have to be entered in order
Answers have to be entered in order
Random Order
Randomize order of answers
Randomize order of answers
Replay
Link that replays current quiz
Next Quiz
Link to next quiz in quiz playlist
You Got
0%
They Got
Avg Score
84%
Avg Friend Score
Upgrade to see
Score Distribution
Jump to the score distribution portion of the page
Score
0/19
Timer
05:00
0
Plays Today
Quote
Character
% Correct
'I'll look for him [Kreacher] later, I expect I'll find him upstairs crying his eyes out over my mother's old bloomers or something...'
Sirius Black
94.4%
'Just because you've got the emotional range of a teaspoon doesn't mean we all have.' (Said to Ron)
Hermione Granger
93.9%
'How long have you been 'Big D' then? Cool name...but you'll always be Ickle Diddykins to me.'
Harry Potter
93.8%
'Give her [Professor Umbridge] hell from us, Peeves.'
Fred Weasley
92.9%
'Yes, as gamekeeper fresh air must be so difficult to come by.' (Said to Hagrid)
Dolores Umbridge
92.3%
'It's [a Gryffindor lion's head hat] good, isn't it? I wanted to have it chewing up a serpent to represent Slytherin, you know, but there wasn't time.'
Luna Lovegood
91.3%
'I'll make Goyle do lines, it'll kill him, he hates writing...I...must...not...look...like...a...baboon's...backside...'
Ron Weasley
90.4%
'Potter, I will assist you to become an Auror if it is the last thing I do! If I have to coach you nightly I will make sure you achieve the required results!'
Minerva McGonagall
89.7%
'It sounds as though you've been trying to sew your skin back together, but even you, Arthur, wouldn't be THAT stupid–WHAT DO YOU MEAN, THAT'S THE GENERAL IDEA?'
Molly Weasley
89.6%
'By all means continue destroying my possessions. I daresay I have too many.' (Said to Harry)
Albus Dumbledore
89.2%
Quote
Character
% Correct
'Approval for Whipping...Approval for Whipping...I can do it at last...They've [Fred and George Weasley] had it coming to them for years...'
Argus Filch
87.9%
'Crabbe, loosen your hold a little, if Longbottom suffocates it will mean a lot of tedious paperwork...'
Severus Snape
86.2%
'Hello, Harry...We thought we heard your dulcet tones.'
George Weasley
85.1%
'Don't put your wand there, boy! What if it ignited? Better wizards than you have lost buttocks, you know!' (Said to Harry)
Mad-Eye Moody
84%
'You can put them [photographs] in envelopes...I am not forgotten...I still receive a very great deal of fan mail...Gladys Gudgeon writes weekly...I just wish I knew why...'
Gilderoy Lockhart
82.9%
'Oh, I'm going to KILL Mundungus Fletcher!'
Mrs. Figg
77.2%
'Ouch–gerroff–gerroff, you mad old bat!' (Said to Mrs. Figg)
Mundungus Fletcher
76.5%
'You know, this is precisely why I LOATHED being a teacher! Young people are so infernally convinced that they are absolutely right about everything.' (Said to Harry)
Phineas Nigellus
56.5%
'But Dumbledore says he doesn't care what they [the Ministry of Magic] do as long as they don't take him off the Chocolate Frog cards.'
Bill Weasley
48.7%
Quiz Playlist
Details
Report
Send in Message
Add To Playlist
More Info:
NOTE: These quotations are taken from the book only (although some might appear in the movie).
Classic:
Type in answers that appear in a list
Forced Order:
Answers have to be entered in order
Random Order:
Randomize order of answers
Last Updated: Jul 18, 2017
Quiz Scoreboard
CHALLENGE
Sign Up to Join the Scoreboard
Show All
Scores
Hide
Comments
May contain spoilers
Recently Published
Movies - When Are They Set?
by FPL_Elf
Movies
5m
Popular People in 1961
by mucciniale
History
6m
1-10 Letter E Words III
by El_Dandy
Language
2m
More to Explore
Quiz From the Vault
Featured Blog Post
Where Did the Easter Bunny Come From?
hide this ad
You Might Also Like...
Tags
Book Quiz
Harry Potter Quiz
Quote Quiz
Quotation
Today's Top Quizzes in Literature
Browse Literature
hide this ad
Today's Top Quizzes in Quote
Browse Quote
Top Contributed Quizzes in Literature
1
Sneaky Slytherin Logic Puzzle
2
One Thing in Common: Literature
3
Get The Picture: Black or White Literature
4
Weasley Family Reunion: Logic Puzzle
5
One Thing in Common: Literature II
6
Harry Potter Neighbourly Logic Puzzle #5
7
Lily Potter Start to Finish
8
One Thing in Common: Literature 3
9
One Thing in Common: Books
10
ASOIAF Logic Puzzle [Difficult] [Read Note first!!]
Explore More
Trending Topics
Crossword
Kpop
NBA
Marvel
Harry Potter
Disney
Anime
WWE
The Office
Country
Song
Pokémon
NFL
Puzzle
Soccer
hide this ad
More By:
HistoryNerd08
Quiz
Plays
Rating
Category
Featured
Created
Deathly Hallows Quotes
13,061
3.92
Literature
Apr 11, 2011
Half Blood Prince Quotes
1,584
4.71
Literature
Feb 6, 2011
Weird World History
899
3.70
History
Feb 3, 2011
Order of the Phoenix Quotes
835
4.71
Literature
Feb 6, 2011
Pro Sports Teams with Bird Mascots
796
2.67
Sports
Jan 19, 2011
Go to Creator's Profile
Score Distribution
Quiz Creator Spotlight
HistoryNerd08
Follow
Send a Message
Quizzes Created
-
Created Quiz Play Count
-
More By This Creator
Popular Quizzes Today
1
Find the US States - No Outlines Minefield
2
Find the Countries of Europe - No Outlines Minefield
3
The Countries of the World
4
Popular People in 1961
5
1-10 Letter E Words III
6
US States
7
Find the US States
8
One Thing in Common: World Cities II
More Literature Quizzes
Letter Grid Blitz: UK Authors
Published
Trending Quizzes
Risky Map Clicking: Least Populous States A-Z
1-10 Letter F Words
1-10 Letter G Words
One Thing in Common: United Kingdom
Risky Map Clicking: Next State Alphabetically
Recently Updated
Leaping Animals
pecheneg
Reality TV Shows (A-Z)
bhenderson79
Rickey Henderson's Hall of Fame Teammates
pecheneg
Champions League XIs: Arsenal
pecheneg
Quick Pick: Celebrities in WWE's Hall of Fame
aduchscher
A-Z Keypad Blitz II
pecheneg
Multiple Oscar Actors
pecheneg
Mystery Phrase Blitz: Oscar 'Best Actors'
pecheneg
F. Scott Fitzgerald Novels
LTH
Pick 3 Villains
ddd62291
Trending Topics
Marvel
Disney
Crossword
Kpop
Harry Potter
NBA
Anime
The Office
NFL
Soccer
Pokémon
Country
WWE
Song
Puzzle
Your Account Isn't Verified!
In order to create a playlist on Sporcle, you need to verify the email address you used during registration. Go to your
Sporcle Settings
to finish the process.
Report this User
Report this user for behavior that violates our
Community Guidelines
.
Details:
Send Report
Go to the Sporcle.com Mobile Site →
Comments